00787cam a2200229 a 4500999001500000001000600015003000900021005001700030008004100047020001600088020001800104040003800122082001900160100002100179245006700200260003200267300004100299504005100340650003700391942001200428952011700440 c2818d281810852BD-DhUAP20210130160011.0200227s1995 bg abf b f000 0 eng  a0140081445  a9780140081442 aBD-DhUAPcBD-DhUAPdBD-DhUAPbEng00a720.95 MIC223 aMichell, George. aThe Penguin guide to the monuments of India /cGeorge Michell. aLondon : bPenguin,cc1990. a518 pages :billustrations ;c24 cm. aIncludes bibliographical references and index. aArchitecture vBuildingszIndia. 2ddccBK 00102ddc4070aUAPCLbUAPCLcGeneral Stacksd2020-02-27o720.95 MICp3010010852r2020-02-27t1w2020-02-27yBK